Statistics for Languages of the Mongol Empire with a Map

Click here to take the quiz!

General Stats

  • This quiz has been taken 5,847 times
  • The average score is 29 of 127

Answers on the Map

Answers color-coded by a green-red scale on the quiz's map according to % correct below.
 

Answer Stats

Languages% Correct
Hmong
97%
Old East Slavic
96%
Middle Korean
95%
Middle Mongol
94%
Persian
93%
Old Anatolian Turkish
90%
Old Mandarin
88%
Arabic
86%
Armenian
85%
Finnish
85%
Georgian
83%
Yue
77%
Tibetic Languages
76%
Romanian
75%
Old Azeri
74%
Greek
72%
Turkmen
66%
Proto-Wu
65%
Pashto
59%
Crimean Gothic
57%
Kurdish
57%
Old Uyghur
57%
Kyrgyz
51%
Karelian
48%
Jurchen
46%
Sámi
45%
Neo-Aramaic Languages
42%
Abazgi
36%
Balochi
36%
Ossetian
36%
Min
35%
Adyghe
34%
Kipchak-Bulgar
34%
Kabardian
31%
Bulgar
28%
Hakka
28%
Kipchak-Nogai
25%
Tai Nua
25%
Be
23%
Proto-Northern Siberian Turkic
23%
Kipchak-Cuman
22%
Avar
20%
Proto-Jin
20%
Proto-Xiang
18%
Komi
17%
Shan
17%
Luren
16%
Mari
16%
Fergana Kipchak
15%
Proto-Gan
15%
Yi
15%
Udmurt
14%
Evenki
13%
Ingrian
13%
Northern Altai
13%
Southern Altai
13%
Zhuang
13%
Luri
12%
Waic
12%
Iu Mien
10%
Mazanderani
10%
Chaharmahali Turkic
9%
Early Chagatai
9%
Proto-Huizhou
9%
Kam
8%
Svan
8%
Veps
8%
Bai
7%
Bolyu
7%
Mordvinic
7%
Nuristani Languages
7%
Qashqai
7%
Zaza-Gorani
7%
Caucasian Albanian
6%
Gilaki
6%
Lak
6%
Ubykh
6%
Yaghnobi
6%
Ba-Shu
5%
Dargwa
5%
Jingpho
5%
Khorasani Turkic
5%
Nanai
5%
Pamir Languages
5%
Dardic Languages
4%
Hlai Languages
4%
Oroqen
4%
Proto-Pinghua
4%
Qiang
4%
Salar
4%
Sayan Samoyedic
4%
Archi
3%
Bouyei
3%
Eastern Samur
3%
Karakhanid
3%
Khalaj
3%
Khorezmian
3%
Lisu
3%
Mang
3%
Naga Languages
3%
Proto-Sayan
3%
Proto-Yenisei Turkic
3%
Southern Samur
3%
Sui
3%
Tsat
3%
Tsezic
3%
Vainakh
3%
Western Samur
3%
Zan
3%
Andic
2%
Bats
2%
Biao
2%
Bugan
2%
Caijia
2%
Daylami
2%
Ganan
2%
Gelao
2%
Khamti
2%
Khinalug
2%
Kili
2%
Longjia
2%
Maonan
2%
Mulam
2%
Semnani
2%
Ulch
2%
Buyang
1%
Kadu
1%

Score Distribution

Percentile by Number Answered

Percent of People with Each Score

Your Score History

You have not taken this quiz